000 00310nam a22001217a 4500
008 230621b xxu||||| |||| 00| 0 eng d
082 _a327.17
_bDAH 1983
100 _cJulie Dahlitz
245 _aNuclear Arms Control
260 _aAustralia
_bMcPhee Gribble Publishers
_c1983
300 _a238p
942 _2ddc
_cBK
999 _c1995
_d1995